Các bài toán tối ưu trên đồ thị và ứng dụng

Cơ sở lý thuyết. Các bài toán tối ưu cơ bản. Các ứng dụng

Guardado en:
Detalles Bibliográficos
Autor principal: Lê Minh Chuân
Otros Autores: Trần Quốc Chiến PGS.TS (Hướng dân)
Formato: Libro
Lenguaje:Vietnamese
Publicado: Đà Nẵng Đại học Đà Nẵng 2011
Materias:
Etiquetas: Agregar Etiqueta
Sin Etiquetas, Sea el primero en etiquetar este registro!
Thư viện lưu trữ: Mạng thư viện Đại học Đà Nẵng
LEADER 01378nam a2200361 4500
001 000010327
003 6529
005 20111212151201.0
008 111212s2011 viesd
041 |a vie 
072 |a Luận văn Thạc sĩ Khoa học 
082 |a 511  |b LE-C 
100 |a Lê Minh Chuân 
245 |a Các bài toán tối ưu trên đồ thị và ứng dụng  |c Lê Minh Chuân 
260 |a Đà Nẵng  |b Đại học Đà Nẵng  |c 2011 
300 |a 79 tr.  |c 29 cm  |e CD. Tóm tắt 
500 |a Luận văn Thạc sĩ. Chuyên ngành: Phương pháp toán sơ cấp. Mã số: 60.46.40 
520 |a Cơ sở lý thuyết. Các bài toán tối ưu cơ bản. Các ứng dụng 
653 |a Bài toán tối ưu 
653 |a Ứng dụng 
653 |a Luận văn Thạc sĩ Toán sơ cấp 
653 |a Toán học 
700 |a Trần Quốc Chiến  |c PGS.TS  |e Hướng dân 
OWN |a LSP 
AVA |a UDN50  |b LSP  |d 511 LE-C  |e available  |t Error 5001 Not defined in file expand_doc_bib_avail.  |f 1  |g 0  |h N  |i 0  |k 1 
999 |a From the UDN01 
AVA |a UDN50  |b LSP  |d 511 LE-C  |e available  |t Error 5001 Not defined in file expand_doc_bib_avail.  |f 1  |g 0  |h N  |i 0  |k 1 
TYP |a Monograph 
TYP |a Printed language 
980 |a Mạng thư viện Đại học Đà Nẵng